Smallest Landlocked U.S. States by Area - Statistics

General Stats
  • This quiz has been taken 72 times
  • The average score is 7 of 10
Answer Stats
Land Area Closest Distance
to the Ocean
U.S. State % Correct
41,235 245 Tennessee
84%
9,217 77 Vermont
84%
24,038 62 West Virginia
84%
39,486 307 Kentucky
79%
40,861 232 Ohio
79%
52,035 188 Arkansas
75%
35,826 443 Indiana
72%
55,519 439 Illinois
61%
44,743 11 Pennsylvania
54%
54,158 516 Wisconsin
49%
No matching quizzes found
Score Distribution
Percent of People with Each Score
Percentile by Number Answered
Your Score History
You have not taken this quiz